Top 50 Current Starting Pitchers - Statistics

General Stats
  • This quiz has been taken 10 times
  • The average score is 28 of 50
Answer Stats
Starting Pitchers Answer % Correct
Philadelphia Phillies Zach Wheeler
100%
Detroit Tigers Tarik Skubal
89%
Atlanta Braves Chris Sale
78%
Baltimore Orioles Corbin Burnes
78%
Milwaukee Brewers Freddy Peralta
78%
Texas Rangers Jon Gray
78%
Toronto Blue Jays Kevin Gausman
78%
Chicago Cubs Shota Imanaga
78%
St. Louis Cardinals Sonny Gray
78%
Philadelphia Phillies Aaron Nola
67%
Kansas City Royals Cole Ragans
67%
Seattle Mariners George Kirby
67%
Baltimore Orioles Grayson Rodriguez
67%
Chicago Cubs Justin Steele
67%
Seattle Mariners Luis Castillo
67%
Atlanta Braves Max Fried
67%
Minnesota Twins Pablo Lopez
67%
Philadelphia Phillies Ranger Suarez
67%
LA Dodgers Tyler Glasnow
67%
LA Dodgers Yoshinobu Yamamoto
67%
San Diego Padres Yu Darvish
67%
Arizona Diamondbacks Zac Gallen
67%
New York Yankees Carlos Rodon
56%
Houston Astros Framber Valdez
56%
Cincinnati Reds Hunter Greene
56%
Miami Marlins Jesus Luzardo
56%
Toronto Blue Jays Jose Berrios
56%
Baltimore Orioles Kyle Bradish
56%
San Francisco Giants Logan Webb
56%
New York Yankees Marcus Stroman
56%
Seattle Mariners Bryce Miller
44%
Houston Astros Christian Javier
44%
San Diego Padres Dylan Cease
44%
Chicago White Sox Garrett Crochet
44%
Chicago Cubs Javier Assad
44%
Minnesota Twins Joe Ryan
44%
Arizona Diamondbacks Jordan Montgomery
44%
Seattle Mariners Logan Gilbert
44%
New York Yankees Nestor Cortes
44%
Kansas City Royals Seth Lugo
44%
Cincinnati Reds Andrew Abbott
33%
Minnesota Twins Bailey Ober
33%
Boston Red Sox Brayan Bello
33%
San Diego Padres Michael King
33%
LA Angels Reid Detmers
33%
Cleveland Gurdians Tanner Bibee
33%
Toronto Blue Jays Chris Bassitt
22%
Miami Marlins Edward Cabrera
22%
New York Mets Luis Severino
22%
Detroit Tigers Jack Flahtery
11%
No matching quizzes found
Score Distribution
Percent of People with Each Score
Percentile by Number Answered
Your Score History
You have not taken this quiz